| 000 -LEADER |
| fixed length control field |
00711cam a22002294a 4500 |
| 020 ## - INTERNATIONAL STANDARD BOOK NUMBER |
| ISBN |
0881927775 |
| 020 ## - INTERNATIONAL STANDARD BOOK NUMBER |
| ISBN |
9780881927771 |
| 040 ## - CATALOGING SOURCE |
| Transcribing agency |
DLC |
| 082 00 - DEWEY DECIMAL CLASSIFICATION NUMBER |
| Classification number |
631 PRE 2006 |
| 100 1# - MAIN ENTRY--AUTHOR NAME |
| Personal name |
Lowenfels, Jeff. |
| 245 10 - TITLE STATEMENT |
| Title |
Teaming with microbes : |
| Remainder of title |
a gardener's guide to the soil food web / |
| 260 ## - PUBLICATION, DISTRIBUTION, ETC. (IMPRINT) |
| Place of publication |
Portland, Or. : |
| Name of publisher |
Timber Press, |
| Year of publication |
2006. |
| 300 ## - PHYSICAL DESCRIPTION |
| Number of Pages |
196 p. : |
| Other physical details |
ill. (some col.) ; |
| Dimensions |
24 cm. |
| 650 #0 - SUBJECT ADDED ENTRY--TOPICAL TERM |
| Topical Term |
Soils. |
| 650 #0 - SUBJECT ADDED ENTRY--TOPICAL TERM |
| Topical Term |
Soil ecology. |
| 650 #0 - SUBJECT ADDED ENTRY--TOPICAL TERM |
| Topical Term |
Soil microbiology. |
| 650 #0 - SUBJECT ADDED ENTRY--TOPICAL TERM |
| Topical Term |
Food chains (Ecology) |
| 700 1# - ADDED ENTRY--PERSONAL NAME |
| Personal name |
Lewis, Wayne, |
| 856 41 - ELECTRONIC LOCATION AND ACCESS |
| Uniform Resource Identifier |
http://www.loc.gov/catdir/toc/ecip063/2005033502.html |
| 856 42 - ELECTRONIC LOCATION AND ACCESS |
| Uniform Resource Identifier |
http://www.loc.gov/catdir/enhancements/fy0708/2005033502-d.html |
| 942 ## - ADDED ENTRY ELEMENTS (KOHA) |
| Koha item type |
សៀវភៅភាសាអង់គ្លេស |
| 952 ## - LOCATION AND ITEM INFORMATION (KOHA) |
| Withdrawn status [LOCAL, KOHA] |
0 |